000 00778nam a2200181Ia 4500
008 151202s9999||||xx |||||||||||||| ||und||
082 _bPNVM-38148
100 _aदेशपांडे वामन.
245 _aमहाराष्ट्राचे संगीतातील कार्य.
260 _b"महाराष्ट्र राज्य सा. स. मंडळ ,मुंबई."
260 _c1974
300 _a124
600 _aदेशपांडे वामन.
630 _aमहाराष्ट्राचे संगीतातील कार्य.
700 _aदेशपांडे वामन.
730 _aमहाराष्ट्राचे संगीतातील कार्य.
942 _cBOOK
999 _c1304100
_d1304097